| 000 | 004460000a22001810004500 | ||
|---|---|---|---|
| 001 | 004177 | ||
| 003 | MACL | ||
| 005 | 20150705132225.0 | ||
| 008 | 150705b xxu||||| |||| 00| 0 eng d | ||
| 040 |
_aMACL _cMACL |
||
| 041 | _aEnglish | ||
| 100 |
_aMathur, U.B. _9804 |
||
| 245 |
_aTreasure Trade Of Rajasthan _cU.B. Mathur |
||
| 260 |
_aThe Folklorists, _c2002 _bJaipur |
||
| 350 | _a495 | ||
| 650 |
_aSocial Science _929 |
||
| 942 |
_k307 _cBK _2ddc |
||
| 999 |
_c16068 _d16068 |
||